The popular education method: (Record no. 2466)

MARC details
000 -LEADER
fixed length control field 005730000a22001930004500
003 - CONTROL NUMBER IDENTIFIER
control field LK-CoMWRAF
005 - DATE AND TIME OF LATEST TRANSACTION
control field 20231125112152.0
008 - FIXED-LENGTH DATA ELEMENTS--GENERAL INFORMATION
fixed length control field 230817t1996 ||||| |||| 00| 0 eng d
040 ## - CATALOGING SOURCE
Original cataloging agency LK-CoMWRAF
Modifying agency LK-CoMWRAF
Description conventions LK-CoMWRAF
041 ## - LANGUAGE CODE
Language code of text/sound track or separate title English
082 ## - DEWEY DECIMAL CLASSIFICATION NUMBER
Classification number 374.012
Item number UNI
942 ## - ADDED ENTRY ELEMENTS (KOHA)
Koha item type Books
111 ## - MAIN ENTRY--MEETING NAME
Meeting name or jurisdiction name as entry element UNICEF
245 ## - TITLE STATEMENT
Title The popular education method:
Remainder of title the world is our book, teacher's manual
260 ## - PUBLICATION, DISTRIBUTION, ETC. (IMPRINT)
Place of publication, distribution, etc. Karachi:
Name of publisher, distributor, etc. Shirkat Gah,
Date of publication, distribution, etc. [199?]
300 ## - PHYSICAL DESCRIPTION
Extent 150 p. ; 22 cm.
650 ## - SUBJECT ADDED ENTRY--TOPICAL TERM
Topical term or geographic name as entry element Literacy -- Study and teaching -- Pakistan
650 ## - SUBJECT ADDED ENTRY--TOPICAL TERM
Topical term or geographic name as entry element Women -- Education -- Pakistan
Holdings
Withdrawn status Lost status Damaged status Not for loan Permanent Location Current Location Date acquired Full call number Barcode Koha item type
        Resource center, Muslim Women's Research And Action Forum Resource center, Muslim Women's Research And Action Forum 2023-08-17 374.012 UNI RAF3144 Books

Copyright © 2023 Muslim Women's Research and Action Forum (MWRAF), No 27/3, Anderson Road, Kalubowila, Dehiwela. Funded by The Asia Fundation